| 000 | 02088cam a22004934i 4500 | ||
|---|---|---|---|
| 003 | PE-LiUPU | ||
| 005 | 20250731165602.0 | ||
| 008 | 150625s2007 sp a r 000 0 spa d | ||
| 020 | _a8497512294 | ||
| 020 | _a9788497512299 | ||
| 035 | _a(Sirsi) i9788497512299 | ||
| 040 |
_aPE-LiUPU _bspa _cPE-LiUPU _dPE-LiUPU _erda |
||
| 049 | _aPRUA | ||
| 082 | 0 | 4 |
_a611 _bV64 _221 |
| 100 | 1 |
_aVigué, Jordi, _eautor. |
|
| 245 | 1 | 0 |
_aAtlas del cuerpo humano : _banatomía, historia y patologías / _cJordi Vigué y Emilio Martín Orte. |
| 264 | 1 |
_aBarcelona : _bArs Médica, _c2007. |
|
| 300 |
_a560 páginas : _bilustraciones ; _c35 centímetros |
||
| 336 |
_atext _2rdacontent |
||
| 337 |
_aunmediated _2rdamedia |
||
| 338 |
_avolume _2rdacarrier |
||
| 505 | 0 | _aEl cuerpo humano en su conjunto -- Estructura interna del cuerpo humano -- Piel -- Músculos -- Esqueleto -- Articulaciones -- Aparato cardiovascular -- Aparato respiratorio -- Aparato nefrourinario -- Aparato reproductor -- Sangre -- Sistema inmunitario -- Glándulas endocrinas -- Sistema nervioso -- Órganos de los sentidos. | |
| 526 | _aSEG44 | ||
| 526 | _aSEG26 | ||
| 526 | _aP151 | ||
| 526 | _aP150 | ||
| 526 | _aP149 | ||
| 526 | _aP146 | ||
| 526 | _aP145 | ||
| 526 | _aP126 | ||
| 526 | _aP125 | ||
| 526 | _aP92 | ||
| 526 | _aP75 | ||
| 526 | _aP74 | ||
| 526 | _aP27 | ||
| 526 | _aP15 | ||
| 541 | _g001-000325; | ||
| 650 | 1 | 4 |
_aAnatomía humana. _9670 |
| 942 |
_2ddc _cBOOK |
||
| 949 |
_aRC 611 V64 _wDEWEY _c1 _i58334 _d2015-10-29 _lCCODEBUL1 _mBUL _p149.00 _q1 _r0 _sY _tBOOK _u2015-6-25 _xSALUD _PP22 _0COMPRA _o.CIRCNOTE. No olvidar cambiar la fecha de devolución!!!!!!! _o.STAFF. Colección Ciencias de la Salud |
||
| 994 |
_aC0 _bPEPRU |
||
| 596 | _a1 | ||
| 999 |
_aRC 611 V64 _wDEWEY _c47278 _i58334 _d47278 _e2019-5-15 _f2021-11-3 _g5 _lCCODEBUL1 _mBUL _n4 _p149.00 _q9 _r0 _sY _tBOOK _u2015-6-25 _xSALUD _zP22 _0COMPRA _o.CIRCNOTE. No olvidar cambiar la fecha de devolución!!!!!!! _o.STAFF. Colección Ciencias de la Salud |
||
| 980 |
_81 _gALBERTO SANCHEZ Responsable de Automatización |
||